Ciencias sociales: un nuevo momento /
El nuevo momento de las ciencias sociales conlleva una necesidad de renovar instrumentos teóricos, responder a las exigencias de una sociedad compleja y preparar a las nuevas generaciones de científicos sociales para que estén en la mejor capacidad de aplicar sus conocimientos. El trabajo intenta ca...
Gardado en:
| Autor Principal: | |
|---|---|
| Formato: | Texto |
| Materias: | |
| Etiquetas: |
Engadir etiqueta
Sen Etiquetas, Sexa o primeiro en etiquetar este rexistro!
|
MARC
| LEADER | 00000 a a2200000 04500 | ||
|---|---|---|---|
| 001 | 40392 | ||
| 003 | |||
| 040 | |||
| 100 | |a Puga, Cristina | ||
| 245 | |a Ciencias sociales: |b un nuevo momento / |c Cristina Puga | ||
| 500 | |a crispunam@yahoo.com.mx | ||
| 520 | |a El nuevo momento de las ciencias sociales conlleva una necesidad de renovar instrumentos teóricos, responder a las exigencias de una sociedad compleja y preparar a las nuevas generaciones de científicos sociales para que estén en la mejor capacidad de aplicar sus conocimientos. El trabajo intenta caracterizar los rasgos más importantes de esta nueva etapa para luego revisar aspectos del desarrollo de las disciplinas en México y de los elementos institucionales que han intervenido en la formación de profesionales y en la investigación de las últimas décadas. | ||
| 590 | |a RRH/NOVIEMBRE2010 | ||
| 650 | |a 1.CIENCIAS SOCIALES | ||
| 650 | |a 2.INVESTIGACION SOCIAL | ||
| 650 | |a 3.FORMACION PROFESIONAL | ||
| 650 | |a 4.MEXICO | ||
| 773 | |g volumen71 especial ( , 2009), páginas 105-131 | ||
| 999 | |c 28956 |d 28956 | ||
